000 00482nam a2200181Ia 4500
005 20250508154856.0
008 008 250505s9999 xx 000 0 eng d
037 _aBooks to be hide in OPAC
040 _aFEDL
_beng
_cFEDL
041 _aeng
_2eng
084 _a703, LAN/O
_qFEDL
100 _aLynton Norbert
_98114
245 0 _aModern world
260 _aLondon, UK
_bPaul Hamlyn
_c1965
300 _a175p.
942 _cHB
_h703, LAN/O
999 _c1352552
_d1352552